000 01133naa a22002657a 4500
001 BR9601630
003 BR-BrBNA
005 20240918181829.0
007 ta
008 230509b bl.||||| |||| 00| 0 por d
040 _aBR-BrBNA
_bpor
_cBiblioteca Nacional de Agricultura
041 _a(Pt)
072 _aH20
_b1000
090 _aH20 BR9601630
100 1 _aSalibe, A.A.
111 1 _a4. Ciclo de Palestras Tecnicas Sobre Citricultura
_cCordeiropolis, SP (Brazil)
_d1980-1982
245 1 _aDeclinio dos citros e problemas similares
260 3 _aCordeiropolis, SP (Brasil):
_c1982.
500 _aPlanta Citrica. Anais do 4. Ciclo de palestras tecnicas sobre citricultura realizado na E.E. Limeira, no periodo de 1980 a 1982 Cordeiropolis, SP (Brasil): 1982. p. 195-209 (BR9601630-AM)H20
650 _aFruta Citrica
650 _aDeclinio dos Citrus
773 0 _tPlanta Citrica. Anais do 4. Ciclo de palestras tecnicas sobre citricultura realizado na E.E. Limeira, no periodo de 1980 a 1982
_b
_wH20 BR9601630
_gCordeiropolis, SP (Brasil), 1982. p. 195-209
909 _a202404
_bLucia
_c55
_dLucia Elande
942 _cAM
_2AGRIS
999 _c327038
_d327038